000 00335nam a2200145Ia 4500
003 OSt
008 191201s2014 xx 000 0 und d
100 _aGARG, SK
245 0 _aWater Supply Engineering Vol.1
250 _aRep
260 _aN. Delhi
_bKhanna Publisher
_c2014
300 _a1054
650 _aB.Tech(CE)
942 _2ddc
_cBK
999 _c5804
_d5804